000 01069nmm a2200301 a 4500
001 ocm0002146445
003 TR-IsHL
005 20201028182918.0
008 190210s2012 tu tur
007 cr cn
020 _a9786056306600
035 _a2146445
_b(N$T)
050 0 4 _aDR67
_b.P47 2012
090 0 4 _aDR67
_b.P47 2012
245 1 0 _aOsman Nuri Peremeci ''hayatı-kişiliği'' ve tuna boyu tarihi
_h[electronic resource] /
_cekleriyle yayına hazırlayan-yayınlayan Ayhan Tunca
260 _aEdirne :
_bYöre Dergisi Yayınları,
_c2012
300 _a304 p.
650 4 _aTarih
650 4 _aHistory
650 0 _aTurkey
_x History
_x Ottoman Empire, 1288-1918
650 0 _aTürkiye
_x Tarih
_x Osmanlı İmparatorluğu, 1288-1918
650 0 _aPeremeci, Osman
650 0 _aBulgaristan
_x Tarih
650 0 _aBulgaria
_x- History
650 7 _aHISTORY / Middle East / Turkey & Ottoman Empire
_2bisacsh
700 1 _aTunca, Ayhan
856 4 0 _uhttp://search.ebscohost.com/login.aspx?direct=true&scope=site&db=e011xww&AN=2146445
999 _c20292
_d20292